000 00520nam a2200181Ia 4500
008 090123s9999 xx 000 0 und d
082 _b35815
_a891.463/राऊत
100 _aराऊत शोभा
245 _aअपराजिता
250 _a1
260 _bसुकृत प्रकाशन
_c2003
300 _a192
600 _aराऊत शोभा
630 _aअपराजिता
700 _aराऊत शोभा
730 _aअपराजिता
942 _cBOOK
999 _c73882
_d73882